Nietzche Freud y la sociedad del riesgo: reflexividad, cuerpo e inconsciente =
में बचाया:
| मुख्य लेखक: | |
|---|---|
| स्वरूप: | मूलपाठ |
| टैग: |
टैग जोड़ें
कोई टैग नहीं, इस रिकॉर्ड को टैग करने वाले पहले व्यक्ति बनें!
|
MARC
| LEADER | 00000 a a2200000 04500 | ||
|---|---|---|---|
| 001 | 45095 | ||
| 003 | |||
| 040 | |||
| 100 | |a Drivel, Leandro | ||
| 245 | |a Nietzche Freud y la sociedad del riesgo: |b reflexividad, cuerpo e inconsciente = |b Nietzche, Freud and the sociology of risk: reflexivity, body and unconscious / |c Leandro Drivel | ||
| 500 | |a leandrodrivet@yahoo.com.ar | ||
| 773 | |g volumen92, número2 ( , 2013), páginas 141-153 | ||
| 999 | |c 38056 |d 38056 | ||
